00000000nam 2200000za 4500
0019.834522
003CaOODSP
00520221107150444
007cr |||||||||||
008170330s2005    nucb   |o    f|0| 0 eng d
040 |aCaOODSP|beng
043 |an-cn-nu
0861 |aR64-483/2005E-PDF
24500|aQuttinirpaaq National Park of Canada |h[electronic resource] : |bpronounced "Khoot-tee-neelk-paahk".
260 |aPangnirtung, Nunavut : |bParks Canada
300 |a[2] p. : |bmap.
500 |aIssued also in French under title: Parc national du Canada Quttinirpaaq : prononcé « Koute-ti-nilk-pâk ».
500 |aCaption title.
500 |a"Spring 2005".
69207|2gccst|aNational parks
7102 |aParks Canada.
77508|tParc national du Canada Quttinirpaaq |w(CaOODSP)9.834523
85640|qPDF|s953 KB|uhttps://publications.gc.ca/collections/collection_2017/pc/R64-483-2005-eng.pdf